000 00614nam a2200217 a 4500
001 BRCA_3895
005 20190320204450.0
008 050110s1900----mx-a######---#000-0#spa-#
041 _aspa
044 _amx
050 4 _aF1234.C3
_b.P74 1900
100 1 _aPalavicini, Felix F.
_910131
245 1 0 _aEl primer jefe
_cedición dirigida por Felix F. Palavicini.
260 _aMéxico
_bLa Helvetia
_c1900
300 _a260 p.
_bil.
_c21 cm.
500 _aC106
600 1 4 _aCarranza, Venustiano
_d1859-1920
_910132
651 4 _aMéxico
_xHistoria
_yRevolución, 1910-1917
_910133
902 _aGFM
942 _2lcc
_cB
999 _c3623
_d3623